01012nam a2200193 a 450000100100000000500170001000800410002702000150006804000250008308200150010811000350012324501070015826001980026530000280046350000780049195201130056995201190068299900170080100002860720200930055033.0110411s2002 dr a r 000 0 spa d a9993461385 aDO-SdBNPbspacBNPHU axxxbC755m1 aConsorcio Barrio Bueno.95556210aMemorias del seminario internacional :bmanejo de residuos sólidos con participación comunitaria/. aSanto Domingo :bEnda. Caribe:bCentro de Estudios Sociales P. Juan MOnatlvo S. J. ;bCiudad Alternativa ;bInstituto Dominicano de Desarrollo Integral xon el auspicio del Banco Mundial,c2002. a101 p. :bil. ;c22 cm. aIncluye referencia informativa del autor corporativo en la contraportada. 0010718PDaPDbPDcHDd2011-04-11iLF1l0oxxx C755mp28607-10r2020-06-25w2020-06-25yLFPDZNo se presta 0010718PDaPDbPDcHDd2011-05-05iLF1l0oxxx C755mp28607-20r2020-06-25te. 2w2020-06-25yLFPDZNo se presta c28099d28099